000 00339nam a2200145Ia 4500
008 191201s2006 xx 000 0 und d
082 _a658.1
_bMOD
100 _aBAJAJ, PS
245 0 _aManagement Process and Organisation
250 _aRep
260 _aN. Delhi
_bExcel Books
_c2006
300 _a574
650 _aMBA
942 _2ddc
_cBK
999 _c5363
_d5363